| 000 | 00000nam 2200000za 4500 |
| 001 | 9.634554 |
| 003 | CaOODSP |
| 005 | 20220505163028 |
| 007 | cr ||||||||||| |
| 008 | 150407s2007 onc|||||o f|0| 0 fre d |
| 020 | |a978-0-662-07157-0 |
| 040 | |aCaOODSP|bfre |
| 043 | |an-cn--- |
| 086 | 1 |aHP5-21/1-2007F-PDF |
| 110 | 2 |aAgence de santé publique du Canada. |
| 245 | 10|aAperçu des mesures et interventions d'urgence |h[ressource électronique] : |bprotéger la santé et la sécurité des Canadiens. |
| 260 | |aOttawa : |bAgence de santé publique du Canada, |cc2006. |
| 300 | |a29 p. |
| 500 | |aLe n° de catalogue (HP5-21/1-2007) et l'ISBN (9780-662-05067-4) de l'édition imprimée bilingue ont été incorrectement copiés dans la version électronique. |
| 520 | 3 |aCe guide de référence décrit le rôle et les activités du Centre de mesures et d'interventions d'urgence (CMIU) de l'Agence de santé publique du Canada, qui a pour mandat de contribuer au maintien de la sécurité sanitaire des Canadiens. Le guide décrit les principaux secteurs à l'appui de ce mandat : orientation stratégique et coordination; services de gestion et d'administration; sécurité des laboratoires; sécurité de la santé publique; intervention d'urgence; et planification et mesures d'urgence. Préparé à l'intention des clients, des partenaires et des intervenants. |
| 590 | |a13-06-Supp|b2013-03-19 |
| 691 | 07|aProtection civile|2gcpds |
| 775 | 08|tOverview of emergency preparedness and response |w(CaOODSP)9.690181 |
| 776 | 0#|tPublic Health Agency of Canada, overview of emergency preparedness and response : |w(CaOODSP)9.669171 |
| 776 | 0#|tAgence de la santé publique du Canada, aperçu des mesures et interventions d'urgence : |w(CaOODSP)9.669172 |
| 795 | |tAgence de santé publique du Canada |w(CaOODSP)9.633327 |
| 856 | 40|ahttp://publications.gc.ca|qPDF|s1.06 Mo|uhttps://publications.gc.ca/collections/collection_2013/aspc-phac/HP5-21-1-2007-fra.pdf |